Satunnaisia Afrikan valtioita kartalla - Statistics

Yleistilastot
  • Tätä visaa on pelattu 4 699 kertaa
  • Keskiarvotulos 12 / 15
Vastaukset kartalla
Vastauksille on annettu kartalla punavihreä väri sen mukaan, kuinka moni on saanut sen oikein.
 
Vastaustilastot
Valtio % Oikein
Egypti
99%
Marokko
97%
Algeria
96%
Somalia
96%
Madagaskar
95%
Etelä-Afrikka
94%
Kongon demokraattinen tasavalta
93%
Libya
93%
Sudan
93%
Tunisia
93%
Etiopia
91%
Niger
91%
Nigeria
87%
Tšad
86%
Kenia
85%
Mali
84%
Namibia
84%
Eritrea
83%
Lesotho
83%
Etelä-Sudan
81%
Kap Verde
81%
Kongon tasavalta
80%
Togo
80%
Angola
79%
Keski-Afrikan tasavalta
79%
Mauritania
79%
Norsunluurannikko
79%
Tansania
79%
Benin
78%
Mosambik
78%
Senegal
78%
Ghana
75%
Seychellit
75%
Swazimaa
75%
Zimbabwe
74%
Botswana
73%
Guinea
71%
Päiväntasaajan Guinea
71%
Ruanda
71%
Sambia
71%
Djibouti
70%
Malawi
70%
São Tomé ja Príncipe
70%
Uganda
70%
Gambia
69%
Kamerun
69%
Mauritius
69%
Burkina Faso
67%
Guinea-Bissau
66%
Liberia
66%
Komorit
65%
Burundi
62%
Gabon
62%
Sierra Leone
62%
Ehtoja vastaavia visoja ei löytynyt
Tulosjakauma
Jokaisen tuloksen saaneiden osuus
Persentiili vastausten määrän mukaan
Tuloshistoriasi
Et ole pelannut tätä visaa